000
00214 a2200097 4500
001
48571
100
_a
Clough, S.B
245
_a
The American way
260
_a
New York
_b
Thomas Y Crowell
_c
090
_c
31501
_d
31501
942
_a
NUST-CAE
_c
M
_c
23894
999
_c
283644
_d
283644